000 00625nam a2200253 a 4500
003 AR-BaBNM
005 20251128210550.0
008 082120s2002 ||||||||||||||000 | spa||
020 _a0-582-08230-7
040 _cAR-BaBNM
100 1 _aLipscombe, Shane
245 0 0 _aMax and Millie's
_bplaybook 1
250 _a1st ed.
260 _aEdinburgh
_bLongman
_c1998
300 _ap. om.
_bil.
650 4 _aENSEƑANZA DE IDIOMAS
650 4 _aINGLES
650 4 _aLIBROS DE TEXTO
653 _aEDUCACION GENERAL BASICA
653 _aUNIDADES DIDACTICAS
700 1 _aDavis, Roger
942 _cBK
998 _cRAQUEL
999 _c15968
_d15968